00510aam a2200181 450000500170000000800410001704100140005808200160007210000270008824500730011526000150018826000470020326000090025030000170025965000110027665000150028765000260030220160823103144.0150721b xxu||||| |||| 00| 0 spa d aEspañol a388.3 C355f aCastro Salazar, René aLos ferrocarriles en Costa Rica: propuesta para el sector transporte aCosta Rica bMinisterio de Obras Publicas y Transportes c1985 a76 páginas aTRENES aCOSTA RICA aTRANSPORTE MOTORIZADO